Profilaxis espiritual

Enregistré dans:
Détails bibliographiques
Auteur principal: Camacho, Ramiro (Auteur)
Format: Livre
Langue:espagnol
Publié: Madrid Ediciones Studium de Cultura 1951
Édition:1a. ed
Sujets:
Tags: Ajouter un tag
Pas de tags, Soyez le premier à ajouter un tag!

MARC

LEADER 00000cam a2200000 a 4500
001 UCD1682
003 CL-VaPUC
008 160324e19510000sp |||||||||||||||||spa|d
082 0 4 |a 176  |b CAM  |2 21 
100 0 |a Camacho, Ramiro  |e author  |9 584831 
245 1 0 |a Profilaxis espiritual 
250 |a 1a. ed 
300 |a 222 p 
942 |c BK 
945 |d 20160324 12:59:00  |a dcastane 
260 |a Madrid  |b Ediciones Studium de Cultura  |c 1951 
650 7 |a ETICA SEXUAL  |2 CL-VaPUC  |9 584832 
650 0 |a Educación sexual  |9 308005 
650 0 |a Juventud  |9 271073 
650 0 |a Aspectos religiosos  |9 257320 
583 |a last modification  |c 20170726 05:48:14  |k Rodrigo Vera 
999 |c 362953  |d 362951 
952 |0 0  |1 0  |3 erb  |4 0  |6 176_000000000000000_CAM_1951  |7 0  |8 P  |9 474603  |a BIBTEO  |b BIBTES  |c TEO_FTES  |i 5278473  |o 176 CAM 1951  |p 5278473  |r 2024-01-18  |w 2019-11-24  |y BK  |z Catalogado en:20160324  |k ICR